| 000 | 00635nam a22002417a 4500 | ||
|---|---|---|---|
| 999 |
_c367700 _d367700 |
||
| 001 | 81387 | ||
| 003 | UA-OsUOA | ||
| 005 | 20200304125013.0 | ||
| 007 | ta | ||
| 008 | 20120127b un ||||| |||| 00| 0 ukr d | ||
| 020 | _a5308003149 | ||
| 040 |
_aUA-OsUOA _bukr _cUA-OsUOA _dUA-OsUOA |
||
| 041 | _aukr | ||
| 080 | _a94(477) | ||
| 090 |
_a94(477) _bВ27 |
||
| 100 | _aВеличко С. В. | ||
| 245 |
_aЛітопис _b2 _cвідп. ред. О.Мишанич |
||
| 260 |
_aК. _bДніпро _c1991 |
||
| 300 | _a642 с. | ||
| 650 | 7 |
_a9 Географія. Біографії. Історія _2UDC |
|
| 942 |
_cBK _2udc |
||
| 955 | _a2 | ||